Sản khoa thực hành
Guardado en:
| Autor principal: | |
|---|---|
| Formato: | Libro |
| Lenguaje: | Undetermined |
| Publicado: |
An Giang
Nxb. Tổng hợp An Giang
1989
|
| Materias: | |
| Etiquetas: |
Agregar Etiqueta
Sin Etiquetas, Sea el primero en etiquetar este registro!
|
| Thư viện lưu trữ: | Trung tâm Học liệu Trường Đại học Cần Thơ |
|---|
| LEADER | 00515nam a2200181Ia 4500 | ||
|---|---|---|---|
| 001 | CTU_12073 | ||
| 008 | 210402s9999 xx 000 0 und d | ||
| 082 | |a 618.2 | ||
| 082 | |b M312s | ||
| 100 | |a Hoàng Ngọc Minh | ||
| 245 | 0 | |a Sản khoa thực hành | |
| 245 | 0 | |c Hoàng Ngọc Minh | |
| 260 | |a An Giang | ||
| 260 | |b Nxb. Tổng hợp An Giang | ||
| 260 | |c 1989 | ||
| 650 | |a obstetrics | ||
| 904 | |i Nguyễn Quang Điền , 961010 | ||
| 980 | |a Trung tâm Học liệu Trường Đại học Cần Thơ | ||